000 01051naa a22002897a 4500
001 BR6000741
003 BR-BrBNA
005 20240918172844.0
007 ta
008 230509b bl.||||| |||| 00| 0 por d
040 _aBR-BrBNA
_bpor
_cBiblioteca Nacional de Agricultura
041 _a(Pt)
072 _aF60
_b3575
090 _aF60 BR6000741
100 1 _aBacchi, O.
100 1 _aZink, E.
111 1 _a3. Seminario Brasileiro de Sementes
_cRecife, PE (Brazil)
_d14 Sep 1970
245 1 _aTeor em umidade em sementes. Comparacao de resultados obtidos com emprego de diferentes metodos
260 3 _aRio de Janeiro, GB (Brasil):
_c1972.
500 _aAnais do 3. Seminario Brasileiro de Sementes Rio de Janeiro, GB (Brasil): 1972. p. 104-105 (BR6000741-AM)F60
650 _aBIOQUIMICA VEGETAL
650 _aTEOR DE UMIDADE
650 _aSEMENTE
773 0 _tAnais do 3. Seminario Brasileiro de Sementes
_wF60 BR6000741
_gRio de Janeiro, GB (Brasil), 1972. p. 104-105
909 _a202404
_bLucia
_c55
_dLucia Elande
942 _cAM
_2AGRIS
999 _c301758
_d301758